Trends in corruption and regulatory burden in Eastern Europe and Central Asia (Record no. 248050)
[ view plain ]
| 000 -LEADER | |
|---|---|
| fixed length control field | 01479nam a2200373Ia 4500 |
| 082 04 - DEWEY DECIMAL CLASSIFICATION NUMBER | |
| Classification number | 364.1/3230947 |
| 245 00 - TITLE STATEMENT | |
| Title | Trends in corruption and regulatory burden in Eastern Europe and Central Asia |
| 260 ## - PUBLICATION, DISTRIBUTION, ETC. (IMPRINT) | |
| Place of publication | Washington, D.C. : |
| Name of publisher | World Bank, |
| Year of publication | c2011. |
| 300 ## - PHYSICAL DESCRIPTION | |
| Number of Pages | xiv, 78 p. : |
| Other physical details | ill. |
| 500 ## - GENERAL NOTE | |
| General note | "This report has been prepared by Stephen Knack and Gregory Kisunko ..."--P. vii. |
| 650 #0 - SUBJECT ADDED ENTRY--TOPICAL TERM | |
| Topical Term | Political corruption |
| Topical Term | Political corruption |
| Topical Term | Trade regulation |
| Topical Term | Trade regulation |
| 856 40 - ELECTRONIC LOCATION AND ACCESS | |
| Uniform Resource Identifier | http://site.ebrary.com/lib/rucke/Doc?id=10448636 |
No items available.
